| 000 | 00588nam a22001817a 4500 | ||
|---|---|---|---|
| 005 | 20231120133504.0 | ||
| 008 | 231120b |||||||| |||| 00| 0 eng d | ||
| 020 | _a0702114294 | ||
| 041 | _aEnglish | ||
| 082 | _a343.4 SIL | ||
| 100 |
_aDivaris, C and Stein, ML _lEnglish |
||
| 245 |
_a1983-84 Supplement to Silke on South African Income Tax / _cC Divaris and ML Stein |
||
| 250 | _aTenth Edition | ||
| 260 |
_aCape Town : _bJuta and Company Ltd, _c1983 |
||
| 300 |
_bxiv, 531 pages ; _c25 cm. |
||
| 650 |
_aLegal practice _bLaw |
||
| 942 |
_cBK _6ALISON_BN_VRIES |
||
| 999 |
_c804 _d804 |
||